Loading...

Elementary particles, eng /

Bibliographic Details
Main Author: Fermi, Enrico
Language:Undetermined
Published: 1959.
Series:SillimanHepsa Ely memorial lecturesYale University
Subjects:
LEADER 00513nam a2200157Ia 4500
001 19453
008 170722s9999 xx 000 0 und d
100 |a Fermi, Enrico 
245 |a Elementary particles, eng / 
260 |c 1959. 
490 |a SillimanHepsa Ely memorial lecturesYale University 
653 |a Nuclear Physics 
653 |a Physics 
942 |c GEN 
999 |c 52415  |d 52415 
952 |0 0  |1 0  |4 0  |6 C_9B3_C_6_000000000000000_J12  |7 0  |8 LC1  |9 74543  |a LIB  |b LIB  |d 2013-03-25  |h LC1  |o C9B3, C 6 J12  |p 69823  |r 2017-08-12  |w 2017-08-12  |y GEN